| 000 | 00548nam a22001811 4500 | ||
|---|---|---|---|
| 082 |
_a535 _bVAS _cL-6, P-4 |
||
| 100 | 1 |
_aVasudeva, D. N. _940011 |
|
| 245 | 1 | 2 | _aA textbook of light for B. Sc. students. |
| 250 | _aNew 5th ed., greatly improved & enl. | ||
| 260 |
_aDelhi, _bAtma Ram, _c1962. |
||
| 300 |
_a580 p. _billus. _c23 cm. |
||
| 526 |
_a0 _b0 _c0 _d535_000000000000000_VAS |
||
| 526 |
_a0 _b0 _c0 _d535_000000000000000_VAS |
||
| 526 |
_a0 _b0 _c0 _d535_000000000000000_VAS |
||
| 650 | 0 |
_aMCE _9379 |
|
| 650 | 0 |
_aOptics. _940012 |
|
| 942 |
_2ddc _cBK |
||
| 999 |
_c544390 _d544390 |
||